000 00790nam a2200253 a 4500
001 000004560
005 20200929151448.0
008 780814s1997 ve 000 0 spa
020 _a9800109935
020 _a9802371459
040 _aDO-SdBNP
_bspa
_cBNPHU
082 _a841.912
_bG958r
100 1 _aGuillevic, Eugene,
_d1907-1997.
_913315
240 1 0 _aDel reino.
_lEspañol.
245 1 0 _aDel reino /
_cEugéne Guillevic ; traducción, Ana María del Re.
260 _aCaracas :
_bMonte Ávila,
_bUniversidad Simón Bolivar,
_c1997.
300 _a193 p. ;
_c21 cm.
490 1 _aAltazor
534 _aTítulo orignal:
_tDu domaine
650 4 _aPoesía francesa
_94916
650 4 _aLiteratura francesa
_91074
700 1 _aRe, Ana María del,
_etr.
_913316
830 0 _aAltazor
_98724
999 _c4368
_d4368